00206nam a2200073Ia 4500008004100000100002500041245004600066260002000112180219s9999 xx 000 0 und d aRao Digmarti Bhaskar 0aMethods Of Teaching Enviornmental Science aNew Delhi D P H